UBT Library

Bibliografia e revistës KOHA 1978 - 1989 / (Record no. 74)

000 -LEADER
fixed length control field 00679nam a22002057a 4500
008 - FIXED-LENGTH DATA ELEMENTS--GENERAL INFORMATION
fixed length control field 131009b xxu||||| |||| 00| 0 alb d
020 ## - INTERNATIONAL STANDARD BOOK NUMBER
International Standard Book Number 9951130002X
041 0# - LANGUAGE CODE
Language code of text/sound track or separate title alb
080 ## - UNIVERSAL DECIMAL CLASSIFICATION NUMBER
Universal Decimal Classification number 011
Common auxiliary subdivision (05)
100 ## - Rafti
Rafti Foniqi, Tahir
245 10 - TITLE STATEMENT
Title Bibliografia e revistës KOHA 1978 - 1989 /
Statement of responsibility, etc Tahir Foniqi.
260 ## -
-- Prishtinë :
-- Biblioteka Kombëtare dhe Universitare e Kosovës ;
-- 2004
300 ## -
-- 208 f. ;
-- 20 cm.
500 ## -
-- Parathënie: f. 5
505 ## -
-- Treguesit : f. 169 - 211
650 #0 -
-- Bibliografia
-- Revista "Koha"
-- 1978-1989
650 #0 -
-- Bibliografia
-- Shtypi periodik shqiptar
700 ## -
-- Biblioteka Kombëtare dhe Universitate e Kosovës.
942 ## - ADDED ENTRY ELEMENTS (KOHA)
Source of classification or shelving scheme
Item type Books
Holdings
Withdrawn status Lost status Source of classification or shelving scheme Damaged status Not for loan Collection code Permanent location Current location Shelving location Date acquired Total Checkouts Full call number Barcode Date last seen Koha item type
          Koleksioni i përgjithshem UBT - Prishtine UBT - Prishtine Koleksioni i përgjithshem 10/09/2013   011 (05) FON 001-000066 10/09/2013 Books
          Koleksioni i përgjithshem UBT - Prishtine UBT - Prishtine Koleksioni i përgjithshem 10/09/2013   011 (05) FON 001-000067 10/09/2013 Books
UBT Library © 2015-2024. All rights reserved University Education for Business and Technology